000 00517nam a2200169Ia 4500
003 GCL
008 140319s9999 xx 000 0 ara d
040 _aGCL /
_cGCL
082 0 4 _a301.01
_bا ك
100 1 _aاحمد النكلاوى
245 1 0 _aكتابة علم الاجتماع بين ادب الالتزام والواقع /
_cاحمد النكلاوى
260 _a[S.N] :
_bدار الثقافة العربية ،
_c1988
300 _a76
490 _a
650 0 4 _aالاجتماع
942 _2ddc
_cBK
999 _c55036
_d55036